<?xml version="1.0" encoding="UTF-8"?>
<collection xmlns="http://www.loc.gov/MARC21/slim">
 <record>
  <leader>03120nam a2200205Ia 4500</leader>
  <controlfield tag="001">CTU_16559</controlfield>
  <controlfield tag="008">210402s9999    xx            000 0 und d</controlfield>
  <datafield tag="020" ind1=" " ind2=" ">
   <subfield code="b">74000đ</subfield>
  </datafield>
  <datafield tag="082" ind1=" " ind2=" ">
   <subfield code="a">786.8843</subfield>
  </datafield>
  <datafield tag="082" ind1=" " ind2=" ">
   <subfield code="b">L120</subfield>
  </datafield>
  <datafield tag="100" ind1=" " ind2=" ">
   <subfield code="a">Vũ Hồng Thịnh</subfield>
  </datafield>
  <datafield tag="245" ind1=" " ind2="0">
   <subfield code="a">Nghệ thuật cồng chiêng của dân tộc Stieng tỉnh Sông Bé</subfield>
  </datafield>
  <datafield tag="245" ind1=" " ind2="0">
   <subfield code="c">Vũ Hồng Thịnh, Bùi Lẫm</subfield>
  </datafield>
  <datafield tag="260" ind1=" " ind2=" ">
   <subfield code="a">Hà Nội</subfield>
  </datafield>
  <datafield tag="260" ind1=" " ind2=" ">
   <subfield code="b">Sở VHTT tỉnh Sông Bé</subfield>
  </datafield>
  <datafield tag="260" ind1=" " ind2=" ">
   <subfield code="c">1995</subfield>
  </datafield>
  <datafield tag="520" ind1=" " ind2=" ">
   <subfield code="a">Sách cung cấp những nghiên cứu chuyên sâu về nghệ thuật cồng chiêng của một trong những dân tộc Tây Nguyên, dân tộc Stieng Sông Bé thuộc khu vực miền Đông Nam Bộ. Cồng chiêng được nghiên cứu ở đây là những dàn gồm nhiều đơn vị, làm thành bộ, diễn tấu độc lập như một dàn nhạc (mặc dầu chỉ gồm một loại nhạc cụ). Sách còn đưa ra những nhận xét sau: 1) Cồng Chiêng là một hiện tượng văn hoá nghệ thuật dân gian đã xuất hiện từ những thời xa xưa nhưng truyền thống đó vẫn tiếp tục trong thời đại ngày nay. 2) Văn hóa Cồng Chiêng còn tồn tại chủ yếu ở các nước vùng Đồng Nam á, trong lục địa cũng như các hải đảo. 3) Có hai loại hình cơ bản về Cồng Chiêng: Những Cồng Chiêng kết thành dàn, thường do một người độc tấu, và loại thứ hai do một nhóm người đồng diễn, Mỗi người phụ trách một đơn vị (Cồng hoặc Chiêng). 4) Cồng Chiêng sẽ là một biểu hiện đặc thù của văn hóa nghệ thuật cổ truyền ở Việt Nam. 5) Hầu như tất cả các sắc tộc ở Tây nguyên hoặc thuộc văn hóa Tây Nguyên đều có Cồng Chiêng. 6) Sing hoạt nghệ thuật Cồng Chiêng ở Việt Nam gắn chặt với lễ nghi, phong tục, tín ngưàng, nghĩa là với nền văn hóa cổ truyền và đặc thù cho mỗi dân tộc. 7) Cồng Chiêng ở Tây Nguyên Việt Nam là một tồn tại sống động, hằng ngày, rất được đồng bào các sắc tộc yêu mến, giữ gìn. Nghệ thuật Cồng Chiêng rất đa dạng, phong phú, không những về mặt tiết tấu mà còn ở các mặt giai điệu, hòa âm, nghệ thuật trìng diễn kết nạp với múa nhảy dân gian. 9) Mặt khác, do những thay đổi về điều kiện xã hội, đã nảy sinh hiện tượng :cải tiến&quot; các Cồng Chiêng cổ truyền</subfield>
  </datafield>
  <datafield tag="650" ind1=" " ind2=" ">
   <subfield code="a">gong - south vietnam</subfield>
  </datafield>
  <datafield tag="904" ind1=" " ind2=" ">
   <subfield code="i">Minh, 970604</subfield>
  </datafield>
  <datafield tag="980" ind1=" " ind2=" ">
   <subfield code="a">Trung tâm Học liệu Trường Đại học Cần Thơ</subfield>
  </datafield>
 </record>
</collection>
